Sports Quiz

Random Sports or Golf Quiz

2011 R2D Quiz Stats

 Plays Quiz not verified by Sporcle

Challenge
Share
Tweet
Embed
Score 0/60 Timer 10:00
0 Plays Today
2011 % Correct
Luke Donald
100%
Rory Mcilroy
100%
Lee Westwood
100%
Graeme Mcdowell
100%
Francesco Molinari
100%
Edoardo Molinari
100%
Martin Kaymer
87.5%
Charl Schwartzel
87.5%
Peter Hanson
87.5%
Ian Poulter
87.5%
Matteo Manassero
87.5%
Robert Karlsson
87.5%
Louis Oosthuizen
87.5%
Alvaro Quiros
75%
Anders Hansen
75%
Sergio Garcia
75%
Thomas Bjorn
75%
Darren Clarke
75%
Paul Lawrie
75%
Ernie Els
75%
Ross Fisher
75%
Justin Rose
75%
Peter Lawrie
75%
Miguel Angel JImenez
62.5%
Nicolas Colsaerts
62.5%
Paul Casey
62.5%
Retief Goosen
62.5%
Simon Dyson
50%
Y.E. Yang
50%
Robert Rock
50%
2011 % Correct
Thomas Levet
50%
Pablo Larrazabal
37.5%
Gregory Havret
37.5%
Rafael Cabrera-Bello
37.5%
Jamie Donaldson
37.5%
Shane Lowry
37.5%
Rhys Davies
37.5%
Alexander Noren
25%
Joost Luiten
25%
Michael Hoey
25%
George Coetzee
25%
Fredrik Jacobson
25%
Gregory Bourdy
25%
Gonzalo Fernandez-Castano
12.5%
Thomas Aiken
12.5%
Richie Ramsay
12.5%
Mark Foster
12.5%
David Lynn
12.5%
Rafael Jacquelin
12.5%
Thorbjorn Olesen
12.5%
Felipe Aguilar
12.5%
Scott Jamieson
12.5%
Fredrik Andersson Hed
0%
Johan Edfors
0%
David Horsey
0%
Lorenzo Gagli
0%
Jaco van Zyl
0%
Hennie Otto
0%
James Morrison
0%
Christian Nilsson
0%

You're not logged in!

Compare scores with friends on all Sporcle quizzes.
Join for Free
OR
Log In

You Might Also Like...

Show Comments

Extras

Top Quizzes Today


Score Distribution

Your Account Isn't Verified!

In order to create a playlist on Sporcle, you need to verify the email address you used during registration. Go to your Sporcle Settings to finish the process.

Report this User

Report this user for behavior that violates our Community Guidelines.

Details: